Movies Quiz

Random Movies or Actor Quiz

One Word Movies: Bill Murray Quiz Stats

 Plays Quiz Updated Aug 16, 2016

Challenge
Share
Tweet
Embed
Score 0/12 Timer 03:00
0 Plays Today
Year Movie % Correct
2016Ghostbusters
86.9%
1984Ghostbusters
86.8%
1980Caddyshack
78.3%
1981Stripes
59.2%
1988Scrooged
39.4%
1979Meatballs
32.6%
1998Rushmore
28.6%
2004Garfield
18%
2015Aloha
12.2%
1982Tootsie
11.9%
1996Kingpin
11.5%
2000Hamlet
6.8%

You're not logged in!

Compare scores with friends on all Sporcle quizzes.
OR
Log In

You Might Also Like...

Show Comments

Extras

Top Quizzes Today


Score Distribution

Your Account Isn't Verified!

In order to create a playlist on Sporcle, you need to verify the email address you used during registration. Go to your Sporcle Settings to finish the process.

Report this User

Report this user for behavior that violates our Community Guidelines.

Details: